| 000 | 00401nam a22001337a 4500 | ||
|---|---|---|---|
| 020 | _a9780070445567 | ||
| 082 |
_222 _a621.3827520 |
||
| 100 | _aSelvarajan, A...[et al.]. | ||
| 245 | _aOptical fiber communication principls and systems / | ||
| 260 |
_aNew Delhi, _bTata McGraw Hill, _cc2007. |
||
| 300 |
_axiii, 355 p. ; _bill. ; _c22 cm. |
||
| 700 | _aKar, Subrat and Srinivas, T. | ||
| 942 |
_2ddc _cEE _02 |
||
| 999 |
_c1706 _d1706 |
||